| 000 | 00774nam a22002057a 4500 | ||
|---|---|---|---|
| 999 |
_c4243 _d4243 |
||
| 003 | AR-CdUCM | ||
| 008 | 190308b ||||| |||| 00| 0 spa d | ||
| 040 |
_aMUNICIPALIDAD PROVINCIAL DEL CUSCO _cBIBLIOTECA MUNICIPAL DEL CUSCO |
||
| 082 |
_a783.985 / _bAR66 |
||
| 100 |
_aAragon Claros, Lino Gabriel _913421 |
||
| 245 |
_aTaki wayaqa : _bcantares de un corazón / |
||
| 260 |
_aCusco : _bInstituto Nacional de Cultura - Cusco, _c1989. |
||
| 300 |
_a140 páginas ; _c20.5 cm. |
||
| 505 | _aContenido: No es mi culpa -- Malicacha -- Flor de la sierra -- Despierta prenda mia -- Negrita roba corazón -- Hay! corazón -- Te olvidaré ... | ||
| 650 |
_aHuaynos _95851 |
||
| 650 |
_alírica-folklorica _913422 |
||
| 650 |
_aMúsica _91443 |
||
| 942 |
_2ddc _cLIBROS |
||
| 945 | _aafb | ||